00230nam a2200085Ia 4500008004100000041000800041100001800049245004200067260003500109241105s9999 xx 000 0 und d aeng aGandhi Mugdha aVirtuosity : The Art Centre Panchgani bFinal Year B. Arch, BNCAc2014